Statistics for 50 Most Valuable La Liga Players

Click here to take the quiz!

General Stats

  • This quiz has been taken 34 times
  • The average score is 32 of 50

Answer Stats

Rank Value (€) Team Nation Player % Correct
1€112MFC BarcelonaArgentinaLionel Messi
100%
8€72MFC BarcelonaGermanyMarc-Andre Ter Stegen
96%
4€80MAtletico MadridSloveniaJan Oblak
96%
5€80MReal MadridBelgiumEden Hazard
96%
6€72MFC BarcelonaNetherlandsFrenkie De Jong
96%
9€64MReal MadridFranceRaphael Varane
92%
2€96MFC BarcelonaFranceAntoine Griezmann
92%
7€72MAtletico MadridSpainSaul Niguez
92%
3€81MAtletico MadridPortugalJoao Felix
92%
10€64MReal MadridBrazilCasemiro
88%
12€56MFC BarcelonaFranceOusmane Dembele
88%
13€56MAtletico MadridUruguayJose Gimenez
88%
47€32MReal MadridWalesGareth Bale
88%
18€48MAtletico MadridSpainKoke
88%
45€32MFC BarcelonaFranceSamuel Umtiti
85%
19€48MReal MadridGermanyToni Kroos
85%
48€32MReal MadridFranceKarim Benzema
85%
31€40MReal MadridSpainIsco
81%
32€40MFC BarcelonaSpainJordi Alba
77%
23€45MReal SociedadNorwayMartin Odegaard
73%
38€32MReal MadridSpainMarco Asensio
73%
26€40MAtletico MadridGhanaThomas Partey
73%
17€48MReal MadridBelgiumThibaut Courtois
73%
14€54MReal MadridUruguayFederico Valverde
69%
11€56MFC BarcelonaBrazilArthur Melo
69%
46€32MReal MadridColombiaJames Rodriguez
69%
20€45MReal MadridBrazilRodrygo
65%
16€48MFC BarcelonaFranceClement Lenglet
65%
22€45MReal MadridBrazilVinicius Junior
62%
42€32MFC BarcelonaPortugalNelson Semedo
62%
28€40MReal MadridSpainDaniel Carvajal
62%
41€32MReal MadridSerbiaLuka Jovic
54%
39€32MReal MadridFranceFerland Mendy
54%
43€32MReal BetisFranceNabil Fekir
54%
30€40MFC BarcelonaSpainSergi Roberto
54%
29€40MValencia CFSpainRodrigo
50%
34€36MReal MadridBrazilEder Militao
46%
35€36MAtletico MadridSpainAlvaro Morata
42%
25€40MAthletic BilbaoSpainInaki Williams
42%
36€32MValencia CFUruguayMaxi Gomez
38%
33€36MFC BarcelonaSpainAnsu Fati
38%
15€48MReal SociedadSpainMikel Oyarzabal
35%
21€45MValencia CFSpainFerran Torres
35%
37€32MSevilla FCBrazilDiego Carlos
27%
40€32MAtletico MadridArgentinaAngel Correa
27%
27€40MValencia CFSpainJose Gaya
23%
44€32MSevilla FCArgentinaLucas Ocampos
19%
24€40MValencia CFSpainCarlos Soler
19%
49€31.5MAtletico MadridBrazilRenan Lodi
15%
50€28MVillarreal CFSpainPaco Alcacer
15%

Score Distribution

Percentile by Number Answered

Percent of People with Each Score

Your Score History

You have not taken this quiz